What more can a soldier desire? Maj Shabir Sharief, NH and SJ (Record no. 324234)

000 -LEADER
fixed length control field 00476 a2200145 4500
001 - CONTROL NUMBER
control field 89161
082 ## - DEWEY DECIMAL CLASSIFICATION NUMBER
Classification number 355.0092 AZA
090 ## - LOCALLY ASSIGNED LC-TYPE CALL NUMBER (OCLC); LOCAL CALL NUMBER (RLIN)
-- 42111
-- 42111
100 ## - MAIN ENTRY--PERSONAL NAME
Personal name Azam Qadri Col (R)
245 ## - TITLE STATEMENT
Title What more can a soldier desire? Maj Shabir Sharief, NH and SJ
Remainder of title A story about Pakistan's highest decorated Officer
260 ## - PUBLICATION, DISTRIBUTION, ETC.
Place of publication, distribution, etc. Rawalpindi
Name of publisher, distributor, etc. Moving fingers
Date of publication, distribution, etc. 2011
300 ## - PHYSICAL DESCRIPTION
Extent xviii, 224 p.
650 ## - SUBJECT ADDED ENTRY--TOPICAL TERM
Topical term or geographic name entry element military Officer biography
740 ## - ADDED ENTRY--UNCONTROLLED RELATED/ANALYTICAL TITLE
Uncontrolled related/analytical title Shabir Sharief (NH and SJ), Maj
942 ## - ADDED ENTRY ELEMENTS (KOHA)
Institution code [OBSOLETE] CAE NUST
Call number prefix 355.0092 AZA
Holdings
Withdrawn status Lost status Damaged status Not for loan Collection code Permanent Location Current Location Date acquired Total Checkouts Full call number Barcode Date last seen Price effective from Koha item type
          College of Aeronautical Engineering (CAE) College of Aeronautical Engineering (CAE) 04/03/2017   355.0092 AZA CAE86053 04/05/2017 04/05/2017 Book
© 2023 Central Library, National University of Sciences and Technology. All Rights Reserved.